000
00218 a2200097 4500
001
15098
100
_a
Jathar K.G
245
_a
Indian economics
260
_a
London
_b
Oxford university press
_c
090
_c
11849
_d
11849
942
_a
NUST-CAE
_c
M
_c
2057
999
_c
250171
_d
250171